Country Flags without Blue or Red - Statistics

General Stats
  • This quiz has been taken 46 times
  • The average score is 8 of 9
Answer Stats
Picture Answer % Correct
Ireland
97%
Jamaica
94%
Pakistan
94%
Saudi Arabia
91%
Cyprus
88%
Niger
88%
Nigeria
88%
Ivory Coast
82%
Mauritania
65%
No matching quizzes found
Score Distribution
Percent of People with Each Score
Percentile by Number Answered
Your Score History
You have not taken this quiz